| 000 | 00902nam a22002177a 4500 | ||
|---|---|---|---|
| 005 | 20251028125650.0 | ||
| 008 | s2540 th tha d | ||
| 041 | _atha | ||
| 050 | _aJF491.C3 บ243ก 2540 | ||
| 100 | 0 | _aสันติ อิศโรวุธกุล, ผู้แปล | |
| 245 | 1 | 0 | _aการลงประชามติในประเทศแคนาดาและประเทศอื่น ๆ |
| 260 | 3 |
_aกรุงเทพฯ : _bสถาบันพระปกเกล้า, _c2540 |
|
| 300 |
_a19 หน้า ; _b 29 ซม. |
||
| 650 | 0 | 4 | _aการลงประชามติ |
| 650 | 0 | 4 | _aการลงประชามติ -- แคนาดา |
| 700 | 0 | _aสันติ อิศโรวุธกุล, ผู้แปล | |
| 850 | _aNALT | ||
| 942 |
_cGB _01 |
||
| 997 | _c000000000009538 | ||
| 998 |
_aBENJALUCK _j111 _k นางสาวพจพิณ พรมเอี่ยม |
||
| 999 |
_c9538 _d9538 |
||